[Event "First Saturday 2010 julius GM"]
[Site "Budapest"]
[Date "2010.07.03"]
[Round "1"]
[White "Vera, Gonzalez-Q"]
[Black "Cabrera, Trujillo"]
[Result "1/2-1/2"]
[WhiteElo "2513"]
[BlackElo "2365"]
[PlyCount "44"]
[EventDate "2010.07.03"]

1. d4 d5 2. c4 c6 3. Nc3 Nf6 4. cxd5 cxd5 5. Bf4 Nc6 6. e3 a6 7. Bd3 Bg4 8.
Nge2 e6 9. O-O Bd6 10. f3 Bh5 11. a3 O-O 12. Rc1 Bg6 13. Bxd6 Qxd6 14. Nf4 Bxd3
15. Nxd3 e5 16. dxe5 Nxe5 17. Nxe5 Qxe5 18. Qd4 Qxd4 19. exd4 Rfe8 20. Rfe1 Kf8
21. Kf2 Rxe1 22. Rxe1 Re8 1/2-1/2

[Event "First Saturday 2010 julius GM"]
[Site "Budapest"]
[Date "2010.07.03"]
[Round "1"]
[White "Varga, Zoltan"]
[Black "Ilincic, Zlatko"]
[Result "1/2-1/2"]
[WhiteElo "2488"]
[BlackElo "2455"]
[PlyCount "41"]
[EventDate "2010.07.03"]

1. d4 Nf6 2. c4 e6 3. Nf3 b6 4. Nc3 Bb4 5. Qc2 Bb7 6. Bg5 h6 7. Bh4 g5 8. Bg3
Ne4 9. e3 Bxc3+ 10. bxc3 d6 11. Nd2 Nxg3 12. hxg3 Nd7 13. O-O-O Qe7 14. Ne4 c6
15. Nd2 d5 16. Be2 O-O-O 17. e4 Kb8 18. Rde1 Rc8 19. Kb2 Qd6 20. Rh2 Rh7 21.
Reh1 1/2-1/2

[Event "First Saturday 2010 julius GM"]
[Site "Budapest"]
[Date "2010.07.03"]
[Round "1"]
[White "Naroditsky, Daniel"]
[Black "Pap, Gyula"]
[Result "1/2-1/2"]
[WhiteElo "2403"]
[BlackElo "2508"]
[PlyCount "86"]
[EventDate "2010.07.03"]

1. e4 e5 2. Nf3 Nf6 3. Nxe5 d6 4. Nf3 Nxe4 5. Qe2 Qe7 6. d3 Nf6 7. Bg5 Nbd7 8.
Nc3 Qxe2+ 9. Bxe2 c6 10. O-O-O d5 11. d4 Bd6 12. Bd3 O-O 13. Rhe1 Re8 14. Rxe8+
Nxe8 15. Re1 Nc7 16. Bh4 Ne6 17. Ne2 Ndf8 18. Bg3 Bxg3 19. hxg3 Bd7 20. Kd2 Re8
21. c3 g6 22. b3 Ng7 23. c4 dxc4 24. bxc4 Bf5 25. Nc3 Rd8 26. d5 Nfe6 27. Ne5
Nc5 28. Bxf5 Nxf5 29. Nd3 Nd7 30. g4 Nd6 31. c5 Nc4+ 32. Kc2 cxd5 33. Nxd5 Kf8
34. Kc3 Na5 35. Kb4 Nc6+ 36. Kc4 Na5+ 37. Kb4 Nc6+ 38. Kc4 h6 39. f4 Kg7 40. g3
Nf6 41. Nxf6 Kxf6 42. Ne5 Rd4+ 43. Kc3 Rd5 1/2-1/2

[Event "First Saturday 2010 julius GM"]
[Site "Budapest"]
[Date "2010.07.03"]
[Round "1"]
[White "Samhouri, Admad"]
[Black "Fogarasi, Tibor"]
[Result "1/2-1/2"]
[WhiteElo "2379"]
[BlackElo "2431"]
[PlyCount "27"]
[EventDate "2010.07.03"]

1. e4 c5 2. Nf3 e6 3. d4 cxd4 4. Nxd4 a6 5. Nc3 Qc7 6. g3 Nf6 7. Bg2 Be7 8. O-O
d6 9. Re1 O-O 10. Be3 Nc6 11. Qe2 Nxd4 12. Bxd4 e5 13. Be3 b5 14. Rad1 1/2-1/2

[Event "First Saturday 2010 julius GM"]
[Site "Budapest"]
[Date "2010.07.03"]
[Round "1"]
[White "Brink-Claussen, Bjorn"]
[Black "Solomon, Kenny"]
[Result "0-1"]
[WhiteElo "2290"]
[BlackElo "2383"]
[PlyCount "94"]
[EventDate "2010.07.03"]

1. e4 c5 2. Nf3 e6 3. d4 cxd4 4. Nxd4 a6 5. Nc3 Qc7 6. Bd3 Nf6 7. f4 b5 8. e5
b4 9. Ne4 Nxe4 10. Bxe4 Bb7 11. Qf3 Nc6 12. Nxc6 Bxc6 13. Bxc6 dxc6 14. Be3 Rd8
15. O-O Be7 16. Rac1 a5 17. c3 Rd5 18. Qe4 O-O 19. Qc4 Rc8 20. Rc2 Qb7 21. Rfc1
c5 22. cxb4 axb4 23. a4 bxa3 24. bxa3 Ra8 25. a4 Qd7 26. Ra2 Bh4 27. g3 Bd8 28.
Qe4 Qb7 29. Qb1 Qc6 30. Rc4 Ba5 31. Rb2 Rad8 32. Rb8 Qc7 33. Rxd8+ Qxd8 34. Qb5
Bb4 35. a5 Bxa5 36. Ra4 c4 37. Qxc4 g5 38. Qe4 Bb6 39. fxg5 Qc7 40. Bxb6 Qxb6+
41. Kg2 Qb2+ 42. Kh3 Rd2 43. Qh1 Qxe5 44. Ra8+ Kg7 45. Qa1 Rd4 46. Ra4 Qf5+ 47.
Kg2 Qc2+ 0-1

[Event "First Saturday 2010 julius GM"]
[Site "Budapest"]
[Date "2010.07.04"]
[Round "2"]
[White "Cabrera, Trujillo"]
[Black "Kjartansson, Gudmundson"]
[Result "1-0"]
[WhiteElo "2365"]
[BlackElo "2384"]
[PlyCount "110"]
[EventDate "2010.07.03"]

1. e4 e5 2. Nf3 Nc6 3. Bb5 a6 4. Ba4 Nf6 5. O-O Be7 6. Re1 b5 7. Bb3 d6 8. c3
O-O 9. h3 Nb8 10. d4 Nbd7 11. Nbd2 Bb7 12. Bc2 Re8 13. a4 Bf8 14. Bd3 c6 15. b3
Qc7 16. Qc2 Rac8 17. Bb2 g6 18. Rac1 Bh6 19. Rcd1 Bg7 20. b4 Nb6 21. axb5 cxb5
22. d5 Nbxd5 23. exd5 Nxd5 24. Rc1 Nf4 25. Bf1 d5 26. g3 Ne6 27. Qd1 Rcd8 28.
Bg2 e4 29. Nd4 Nxd4 30. cxd4 Qd6 31. Rc5 f5 32. Qb3 g5 33. Rec1 Re7 34. g4 fxg4
35. Nxe4 Qe6 36. Nd2 gxh3 37. Qxh3 g4 38. Qd3 Rf8 39. Nf1 h5 40. Qb3 Rf5 41.
Ne3 Rf3 42. Bxf3 gxf3 43. Rxd5 Rd7 44. Rcc5 Rd6 45. Bc3 Bxd5 46. Rxd5 Bh6 47.
Nf5 Bf4 48. Ne7+ Kg7 49. Rg5+ Bxg5 50. d5+ Kf7 51. dxe6+ Kxe7 52. Bg7 Rxe6 53.
Bf8+ Kf7 54. Qxf3+ Rf6 55. Qxh5+ Rg6 1-0

[Event "First Saturday 2010 julius GM"]
[Site "Budapest"]
[Date "2010.07.04"]
[Round "2"]
[White "Fogarasi, Tibor"]
[Black "Brink-Claussen, Bjorn"]
[Result "1/2-1/2"]
[WhiteElo "2431"]
[BlackElo "2290"]
[PlyCount "93"]
[EventDate "2010.07.03"]

1. e4 e6 2. d3 c5 3. Nf3 Nc6 4. g3 g6 5. d4 cxd4 6. Nxd4 a6 7. Bg2 Bg7 8. Be3
Nge7 9. O-O h5 10. h3 Qc7 11. c3 d6 12. Nd2 e5 13. Nxc6 Qxc6 14. c4 Be6 15. Rc1
Qd7 16. Kh2 h4 17. g4 f5 18. exf5 gxf5 19. gxf5 Nxf5 20. Ne4 O-O-O 21. c5 Kb8
22. cxd6 Nxd6 23. Bb6 Bh6 24. Rc7 Bf4+ 25. Kh1 Nxe4 26. Rxd7 Rxd7 27. Qe2 Nd2
28. Rd1 Rg8 29. Qh5 Rdg7 30. Rxd2 Rxg2 31. Rd8+ Rxd8 32. Kxg2 Rg8+ 33. Kf3 Bxh3
34. Qxh4 Bg2+ 35. Ke2 Bc6 36. Be3 Bxe3 37. Kxe3 e4 38. Qe7 Rg1 39. Qf8+ Ka7 40.
Qc5+ Kb8 41. b3 Rd1 42. Qf8+ Kc7 43. Qe7+ Kb6 44. Qb4+ Kc7 45. Qe7+ Kb6 46.
Qb4+ Kc7 47. Qe7+ 1/2-1/2

[Event "First Saturday 2010 julius GM"]
[Site "Budapest"]
[Date "2010.07.04"]
[Round "2"]
[White "Pap, Gyula"]
[Black "Samhouri, Admad"]
[Result "1/2-1/2"]
[WhiteElo "2508"]
[BlackElo "2379"]
[PlyCount "101"]
[EventDate "2010.07.03"]

1. d4 d5 2. c4 e6 3. Nf3 Nf6 4. g3 c5 5. Bg2 Nc6 6. O-O dxc4 7. Ne5 Bd7 8. Na3
cxd4 9. Naxc4 Bc5 10. Qb3 O-O 11. Bf4 Nxe5 12. Nxe5 Qb6 13. Nxd7 Nxd7 14. Bxb7
Rad8 15. Qxb6 Nxb6 16. Rfc1 Bd6 17. Bd2 Na4 18. Rc2 Rb8 19. Bc6 Nxb2 20. Rb1
Rfc8 21. Bf4 Bxf4 22. gxf4 d3 23. Rcxb2 Rxb2 24. Rxb2 dxe2 25. Rxe2 Rxc6 26. f5
Kf8 27. fxe6 Rxe6 28. Rb2 g6 29. Rb4 Ra6 30. a4 Ke7 31. Kg2 Kd6 32. Kg3 Ke5 33.
Rb5+ Ke6 34. Rb4 f5 35. h4 h6 36. f3 Kd5 37. Rb5+ Kc4 38. h5 Rxa4 39. hxg6 Ra6
40. Rxf5 Rxg6+ 41. Kh4 Kb4 42. Rf4+ Kb5 43. Rf5+ Kb6 44. Rf8 a5 45. f4 a4 46.
f5 Rg1 47. f6 Kb7 48. Rf7+ Kb6 49. Rf8 Kb7 50. Rf7+ Kb6 51. Rf8 1/2-1/2

[Event "First Saturday 2010 julius GM"]
[Site "Budapest"]
[Date "2010.07.04"]
[Round "2"]
[White "Ilincic, Zlatko"]
[Black "Naroditsky, Daniel"]
[Result "1-0"]
[WhiteElo "2455"]
[BlackElo "2403"]
[PlyCount "109"]
[EventDate "2010.07.03"]

1. d4 Nf6 2. c4 g6 3. g3 Bg7 4. Bg2 O-O 5. Nc3 d6 6. Nf3 Nbd7 7. O-O e5 8. e4
c6 9. b3 Re8 10. h3 a6 11. d5 cxd5 12. cxd5 b5 13. Ne1 Bb7 14. Nc2 Rc8 15. Bd2
Qb6 16. a4 Nc5 17. a5 Qc7 18. Nb4 Qd7 19. Nba2 Qe7 20. Be3 Kh8 21. Rc1 Ng8 22.
b4 Nd7 23. Qd2 f5 24. f3 f4 25. gxf4 exf4 26. Bxf4 Ne5 27. Bg5 Nc4 28. Bxe7
Nxd2 29. Bxd6 Nxf1 30. Kxf1 Nf6 31. h4 Bf8 32. Bxf8 Rxf8 33. Ke2 Nh5 34. Ke3
Nf4 35. Bf1 Rcd8 36. Rd1 h6 37. Nc1 Rc8 38. N1e2 g5 39. hxg5 hxg5 40. Nxf4
Rxc3+ 41. Kd4 Rfc8 42. Ng6+ Kg7 43. Ne7 Rc1 44. Nf5+ Kf8 45. Rxc1 Rxc1 46. Bd3
Bc8 47. Ne3 Ke7 48. e5 Bh3 49. Bg6 Kd7 50. Bf5+ Bxf5 51. Nxf5 Rc4+ 52. Ke3 Rxb4
53. e6+ Kd8 54. d6 Rc4 55. Nh6 1-0

[Event "First Saturday 2010 julius GM"]
[Site "Budapest"]
[Date "2010.07.04"]
[Round "2"]
[White "Vera, Gonzalez-Q"]
[Black "Varga, Zoltan"]
[Result "1/2-1/2"]
[WhiteElo "2513"]
[BlackElo "2488"]
[PlyCount "23"]
[EventDate "2010.07.03"]

1. d4 d5 2. c4 c6 3. cxd5 cxd5 4. Nc3 Nf6 5. Nf3 Nc6 6. Bf4 Nh5 7. Bd2 Nf6 8.
Rc1 a6 9. Bf4 Bf5 10. Ne5 e6 11. e3 Bd6 12. Bd3 1/2-1/2

[Event "First Saturday 2010 julius GM"]
[Site "Budapest"]
[Date "2010.07.05"]
[Round "3"]
[White "Varga, Zoltan"]
[Black "Cabrera, Trujillo"]
[Result "1/2-1/2"]
[WhiteElo "2488"]
[BlackElo "2365"]
[PlyCount "37"]
[EventDate "2010.07.03"]

1. e4 c5 2. Nf3 d6 3. d4 cxd4 4. Nxd4 Nf6 5. f3 e5 6. Bb5+ Nbd7 7. Nf5 d5 8.
exd5 a6 9. Ba4 b5 10. Bb3 Nc5 11. Ne3 Nxb3 12. axb3 Bc5 13. Nc3 O-O 14. Qd3 Nh5
15. g3 f5 16. Qe2 Nf4 17. Qf1 Nh5 18. Qe2 Nf4 19. Qf1 1/2-1/2

[Event "First Saturday 2010 julius GM"]
[Site "Budapest"]
[Date "2010.07.05"]
[Round "3"]
[White "Naroditsky, Daniel"]
[Black "Vera, Gonzalez-Q"]
[Result "1/2-1/2"]
[WhiteElo "2403"]
[BlackElo "2513"]
[PlyCount "50"]
[EventDate "2010.07.03"]

1. e4 c5 2. Nf3 d6 3. d4 cxd4 4. Nxd4 Nf6 5. Nc3 a6 6. f4 e5 7. Nf3 Nbd7 8. Bd3
Be7 9. a4 O-O 10. O-O Nc5 11. Kh1 exf4 12. Bxf4 Bg4 13. Qd2 Rc8 14. a5 Bh5 15.
Rfe1 Bg6 16. Nh4 Bxe4 17. Nf5 d5 18. Nxd5 Nxd5 19. Bxe4 Nxe4 20. Rxe4 Bf6 21.
Bd6 Nc7 22. Qf2 Re8 23. Qg3 Qd7 24. Qg4 Kh8 25. Bg3 Rxe4 1/2-1/2

[Event "First Saturday 2010 julius GM"]
[Site "Budapest"]
[Date "2010.07.05"]
[Round "3"]
[White "Brink-Claussen, Bjorn"]
[Black "Pap, Gyula"]
[Result "0-1"]
[WhiteElo "2290"]
[BlackElo "2508"]
[PlyCount "102"]
[EventDate "2010.07.03"]

1. e4 g6 2. d4 Bg7 3. Nc3 d6 4. f4 Nf6 5. Nf3 O-O 6. Bd3 Na6 7. O-O c5 8. d5
Bg4 9. Bc4 Nc7 10. Qe1 e6 11. dxe6 fxe6 12. h3 Bxf3 13. Rxf3 d5 14. Bf1 Kh8 15.
Kh1 a6 16. e5 Nd7 17. h4 b5 18. Bd2 b4 19. Ne2 Nb5 20. Rh3 h5 21. a4 bxa3 22.
bxa3 Bh6 23. f5 Bxd2 24. Qxd2 Nxe5 25. Qh6+ Kg8 26. fxg6 Ra7 27. g7 Rxg7 28.
Qxe6+ Nf7 29. Nf4 Nc7 30. Qe1 Re8 31. Qf2 Qf6 32. Rd1 Ne5 33. Nd3 Qxf2 34. Nxf2
Rf8 35. Rd2 Rgf7 36. Kg1 Ng4 37. Rf3 Rxf3 38. gxf3 Ne5 39. Bg2 Nxf3+ 40. Bxf3
Rxf3 41. Nd3 Ne6 42. Ne5 Rxa3 43. Rxd5 Kg7 44. Rd6 Kf6 45. Nd3 Ke7 46. Rc6 Rc3
47. Rxa6 Rxc2 48. Nf2 Kf6 49. Ne4+ Ke5 50. Ng3 Nf4 51. Rh6 Rg2+ 0-1

[Event "First Saturday 2010 julius GM"]
[Site "Budapest"]
[Date "2010.07.05"]
[Round "3"]
[White "Kjartansson, Gudmundson"]
[Black "Solomon, Kenny"]
[Result "1/2-1/2"]
[WhiteElo "2384"]
[BlackElo "2383"]
[PlyCount "80"]
[EventDate "2010.07.03"]

1. c4 c5 2. Nf3 Nf6 3. Nc3 b6 4. g3 Bb7 5. Bg2 g6 6. O-O Bg7 7. d4 Ne4 8. Nxe4
Bxe4 9. d5 O-O 10. Qd2 d6 11. Qf4 Bxf3 12. Qxf3 Nd7 13. e4 b5 14. cxb5 Qb6 15.
Qe2 Rfb8 16. Bh3 Nf6 17. a4 a6 18. Bd2 h5 19. Bc3 axb5 20. axb5 Rxa1 21. Rxa1
Qxb5 22. Qxb5 Rxb5 23. Ra8+ Kh7 24. f3 Ng8 25. Bf1 Rb7 26. Ra2 Bxc3 27. bxc3
Rb3 28. Rc2 Kg7 29. Kf2 Nf6 30. Bh3 Ra3 31. Ke3 Ra1 32. Bc8 g5 33. Re2 Rd1 34.
Bf5 Ng8 35. f4 gxf4+ 36. gxf4 Nf6 37. Rg2+ Kh6 38. c4 Ra1 39. e5 Ra3+ 40. Ke2
Ra2+ 1/2-1/2

[Event "First Saturday 2010 julius GM"]
[Site "Budapest"]
[Date "2010.07.06"]
[Round "4"]
[White "Cabrera, Trujillo"]
[Black "Solomon, Kenny"]
[Result "1/2-1/2"]
[WhiteElo "2365"]
[BlackElo "2383"]
[PlyCount "121"]
[EventDate "2010.07.03"]

1. e4 e5 2. Nf3 Nc6 3. Bb5 a6 4. Ba4 Nf6 5. O-O Be7 6. Re1 b5 7. Bb3 d6 8. c3
O-O 9. h3 Bb7 10. d4 Re8 11. Ng5 Rf8 12. Nf3 Re8 13. Nbd2 Bf8 14. Bc2 g6 15. d5
Nb8 16. b3 Nbd7 17. c4 c6 18. Bb2 Qc7 19. Rc1 b4 20. Nf1 Bh6 21. Ra1 cxd5 22.
cxd5 Rac8 23. Bb1 a5 24. a3 Nc5 25. N3h2 Qb6 26. a4 Qd8 27. g3 Bg7 28. Ng4 Ba6
29. Nxf6+ Bxf6 30. Ne3 h5 31. h4 Bg7 32. Ra2 Rc7 33. Ba1 Ra7 34. f3 Bh6 35. Ng2
Qd7 36. Kf2 Raa8 37. Ne3 Rf8 38. Kg2 Bc8 39. Kg1 Qa7 40. Kf2 Ba6 41. Kg2 Bxe3
42. Rxe3 Nxa4 43. Qd2 Nc5 44. f4 f6 45. Rf3 Qg7 46. Qe3 Bb5 47. Raf2 Qh6 48.
Qe1 Rae8 49. Bb2 Qg7 50. Qe3 Qh6 51. Qe1 Nd7 52. Bc1 Qg7 53. Qd2 exf4 54. gxf4
Nc5 55. Re3 Kh7 56. Bb2 Qd7 57. f5 Qe7 58. fxg6+ Kg7 59. Qd1 Nd7 60. Qxh5 Rh8
61. Qg4 1/2-1/2

[Event "First Saturday 2010 julius GM"]
[Site "Budapest"]
[Date "2010.07.06"]
[Round "4"]
[White "Fogarasi, Tibor"]
[Black "Kjartansson, Gudmundson"]
[Result "1/2-1/2"]
[WhiteElo "2431"]
[BlackElo "2384"]
[PlyCount "109"]
[EventDate "2010.07.03"]

1. e4 e5 2. Nf3 Nc6 3. Bb5 a6 4. Ba4 Nf6 5. O-O Be7 6. d3 b5 7. Bb3 d6 8. a4 b4
9. a5 O-O 10. Nbd2 Rb8 11. Nc4 Bg4 12. Be3 Rb7 13. h3 Bh5 14. Re1 h6 15. g4 Bg6
16. Nh4 Kh8 17. Nf5 Bxf5 18. gxf5 Nh7 19. Kh1 Bf6 20. Nd2 Ne7 21. Bc4 c5 22.
Bxa6 Ra7 23. Bc4 Rxa5 24. Rxa5 Qxa5 25. Qh5 Bg5 26. Rg1 g6 27. Qf3 gxf5 28.
exf5 Qa8 29. Qxa8 Rxa8 30. Bxf7 Nxf5 31. Nc4 Rf8 32. Be6 Bxe3 33. fxe3 Ng7 34.
Bd5 Nf6 35. e4 Nxd5 36. exd5 Rf6 37. Nd2 Nh5 38. Ne4 Rf3 39. Kg2 Rf8 40. Nxd6
Nf4+ 41. Kh2 Nxd5 42. Nc4 Rf2+ 43. Rg2 Rxg2+ 44. Kxg2 Nf4+ 45. Kf3 Nxh3 46.
Nxe5 Ng5+ 47. Kg4 Ne6 48. Kf5 Nd4+ 49. Kg6 Nxc2 50. Kxh6 Ne3 51. Kg6 b3 52. Nd7
c4 53. dxc4 Nxc4 54. Nc5 Nxb2 55. Nxb3 1/2-1/2

[Event "First Saturday 2010 julius GM"]
[Site "Budapest"]
[Date "2010.07.06"]
[Round "4"]
[White "Pap, Gyula"]
[Black "Kislik, Erik Andrew"]
[Result "1/2-1/2"]
[WhiteElo "2508"]
[BlackElo "2329"]
[PlyCount "113"]
[EventDate "2010.07.03"]

1. d4 Nf6 2. c4 g6 3. g3 c6 4. Bg2 d5 5. Qa4 Bg7 6. cxd5 Nxd5 7. Nf3 Nb6 8. Qc2
Bf5 9. e4 Bg4 10. Ne5 Bxe5 11. dxe5 Nc4 12. h3 Qa5+ 13. Qc3 Qxc3+ 14. Nxc3 Be6
15. f4 Na6 16. b3 Nb6 17. Ba3 Rd8 18. g4 Bc8 19. Nd1 Nd7 20. Ne3 Nac5 21. O-O
b6 22. Rac1 Ba6 23. Rfd1 Bb5 24. Rd2 Nd3 25. Rxd3 Bxd3 26. Rxc6 Nb8 27. Rc7 Rd7
28. Rc8+ Rd8 29. Rc7 Rd7 30. Rc8+ Rd8 31. Rc3 Ba6 32. Nd5 Rd7 33. h4 Kd8 34.
Bf3 e6 35. Nf6 Rd3 36. Rxd3+ Bxd3 37. g5 Kc8 38. Bd6 h5 39. gxh6 Rxh6 40. h5
gxh5 41. Bxb8 Kxb8 42. Bxh5 Bxe4 43. Bxf7 Rh4 44. Kf2 Bf5 45. Kg3 Rh8 46. Ne8
Bg6 47. Bxg6 Rg8 48. Kf3 Rxg6 49. Nd6 Kc7 50. Nb5+ Kb7 51. Nd4 a5 52. a4 Kc7
53. f5 exf5 54. Nxf5 Rc6 55. Nd4 Rc3+ 56. Ke4 Kd7 57. Kd5 1/2-1/2

[Event "First Saturday 2010 julius GM"]
[Site "Budapest"]
[Date "2010.07.06"]
[Round "4"]
[White "Ilincic, Zlatko"]
[Black "Brink-Claussen, Bjorn"]
[Result "1-0"]
[WhiteElo "2455"]
[BlackElo "2290"]
[PlyCount "57"]
[EventDate "2010.07.03"]

1. d4 Nf6 2. c4 e6 3. Nf3 b6 4. g3 Bb7 5. Bg2 Be7 6. O-O O-O 7. Nc3 Ne4 8. Qc2
Nxc3 9. Qxc3 f5 10. Bf4 d6 11. Qe3 Qd7 12. Rfd1 a5 13. b3 Na6 14. a3 Bf6 15.
Ne5 Bxe5 16. dxe5 Bxg2 17. Kxg2 Qc6+ 18. f3 d5 19. cxd5 exd5 20. Qd3 Nc5 21.
Rac1 Rad8 22. b4 axb4 23. axb4 Nxd3 24. Rxc6 Nxb4 25. Rxc7 Rfe8 26. Rb1 Na6 27.
Rc6 Nc5 28. Rbxb6 Nd7 29. Rb7 1-0

[Event "First Saturday 2010 julius GM"]
[Site "Budapest"]
[Date "2010.07.06"]
[Round "4"]
[White "Vera, Gonzalez-Q"]
[Black "Samhouri, Admad"]
[Result "1/2-1/2"]
[WhiteElo "2513"]
[BlackElo "2379"]
[PlyCount "37"]
[EventDate "2010.07.03"]

1. d4 Nf6 2. c4 e6 3. Nc3 Bb4 4. Qc2 O-O 5. Nf3 d5 6. Bg5 Nbd7 7. cxd5 exd5 8.
e3 c5 9. Bd3 Qa5 10. O-O c4 11. Bf5 Bxc3 12. bxc3 Re8 13. Nd2 g6 14. Bxd7 Nxd7
15. f3 Nb6 16. Bh6 Qa4 17. Qb2 Bf5 18. Rac1 Bd3 19. Rfe1 1/2-1/2

[Event "First Saturday 2010 julius GM"]
[Site "Budapest"]
[Date "2010.07.06"]
[Round "4"]
[White "Varga, Zoltan"]
[Black "Naroditsky, Daniel"]
[Result "0-1"]
[WhiteElo "2488"]
[BlackElo "2403"]
[PlyCount "44"]
[EventDate "2010.07.03"]

1. d4 Nf6 2. c4 g6 3. Nc3 Bg7 4. e4 d6 5. f3 O-O 6. Be3 e5 7. Nge2 c6 8. Qd2
Nbd7 9. O-O-O a6 10. dxe5 Nxe5 11. Nd4 b5 12. f4 Neg4 13. Nxc6 Qe8 14. e5 dxe5
15. Nxe5 b4 16. Nd5 Nxd5 17. cxd5 Bf5 18. Bd3 Nxe5 19. fxe5 Qxe5 20. Bxf5 Qxf5
21. Qd3 Qe5 22. Qd4 Qc7+ 0-1

[Event "First Saturday 2010 julius GM"]
[Site "Budapest"]
[Date "2010.07.07"]
[Round "5"]
[White "Naroditsky, Daniel"]
[Black "Cabrera, Trujillo"]
[Result "1/2-1/2"]
[WhiteElo "2403"]
[BlackElo "2365"]
[PlyCount "77"]
[EventDate "2010.07.03"]

1. e4 c5 2. Nf3 d6 3. d4 cxd4 4. Nxd4 Nf6 5. Nc3 g6 6. Be2 Bg7 7. O-O O-O 8.
Be3 Nc6 9. Nb3 Ne5 10. h3 Be6 11. Nd4 Nc4 12. Bc1 Rc8 13. b3 Ne5 14. Bb2 Bd7
15. Rb1 Qa5 16. Qd2 Nc6 17. Nf3 Rfd8 18. a3 a6 19. b4 Qc7 20. Nd5 Nxd5 21. Bxg7
Kxg7 22. exd5 Ne5 23. Nxe5 dxe5 24. c4 b5 25. Rbc1 bxc4 26. Bxc4 Qd6 27. Rfe1
e6 28. Qd3 Bb5 29. Bxb5 axb5 30. Rxc8 Rxc8 31. Qe3 Qxd5 32. Qxe5+ Qxe5 33. Rxe5
Rc1+ 34. Kh2 Rc3 35. Rxb5 Rxa3 36. g3 Rb3 37. Kg2 h5 38. h4 Kf6 39. Rb6 1/2-1/2

[Event "First Saturday 2010 julius GM"]
[Site "Budapest"]
[Date "2010.07.07"]
[Round "5"]
[White "Brink-Claussen, Bjorn"]
[Black "Vera, Gonzalez-Q"]
[Result "0-1"]
[WhiteElo "2290"]
[BlackElo "2513"]
[PlyCount "52"]
[EventDate "2010.07.03"]

1. e4 c5 2. Nf3 d6 3. d4 cxd4 4. Nxd4 Nf6 5. Nc3 a6 6. f3 e6 7. Be3 b5 8. Qd2
Nbd7 9. O-O-O Bb7 10. g4 Nb6 11. a3 Rc8 12. g5 Nfd7 13. f4 Nc5 14. Bd3 d5 15.
e5 Ne4 16. Nxe6 fxe6 17. Bxe4 Nc4 18. Qe1 Bxa3 19. bxa3 Qe7 20. Nb1 dxe4 21.
Qc3 O-O 22. Rhf1 a5 23. Rd4 b4 24. axb4 axb4 25. Qb3 Bd5 26. f5 Nd2 0-1

[Event "First Saturday 2010 julius GM"]
[Site "Budapest"]
[Date "2010.07.07"]
[Round "5"]
[White "Kislik, Erik Andrew"]
[Black "Ilincic, Zlatko"]
[Result "1/2-1/2"]
[WhiteElo "2329"]
[BlackElo "2455"]
[PlyCount "74"]
[EventDate "2010.07.03"]

1. e4 c5 2. Nf3 d6 3. d4 cxd4 4. Nxd4 Nf6 5. Nc3 a6 6. Be2 h5 7. Bg5 Qa5 8. Qd2
Nc6 9. Nb3 Qc7 10. O-O e6 11. a4 b6 12. f4 Be7 13. Bf3 Bb7 14. Rae1 O-O-O 15.
Qe2 Rd7 16. Rd1 g6 17. Rd2 Ng8 18. Bxe7 Ngxe7 19. Rfd1 Rhd8 20. Qf1 Kb8 21. Be2
Nb4 22. Bd3 d5 23. e5 d4 24. Ne2 Ned5 25. Rc1 Ne3 26. Qf2 Ng4 27. Qg3 g5 28.
fxg5 Nxe5 29. Nf4 h4 30. Qxh4 Qc6 31. Qg3 Ka8 32. Ra1 Nc4 33. Bxc4 Qxc4 34. Nd3
Nxd3 35. Qxd3 Qd5 36. Qg3 Qc4 37. Qd3 Qd5 1/2-1/2

[Event "First Saturday 2010 julius GM"]
[Site "Budapest"]
[Date "2010.07.07"]
[Round "5"]
[White "Kjartansson, Gudmundson"]
[Black "Pap, Gyula"]
[Result "1/2-1/2"]
[WhiteElo "2384"]
[BlackElo "2508"]
[PlyCount "48"]
[EventDate "2010.07.03"]

1. c4 Nf6 2. Nf3 e6 3. g3 d5 4. Bg2 dxc4 5. Qa4+ c6 6. Qxc4 b5 7. Qc2 Bb7 8.
O-O Nbd7 9. a4 a6 10. Nc3 Rc8 11. b3 Be7 12. Bb2 O-O 13. d3 Qb6 14. e3 Rfd8 15.
Rfd1 c5 16. Rab1 Nb8 17. Ba1 Nc6 18. Qe2 Rd7 19. Ne1 Rcd8 20. axb5 axb5 21. Ne4
Nxe4 22. Bxe4 Nb4 23. Bxb7 Qxb7 24. d4 cxd4 1/2-1/2

[Event "First Saturday 2010 julius GM"]
[Site "Budapest"]
[Date "2010.07.07"]
[Round "5"]
[White "Solomon, Kenny"]
[Black "Fogarasi, Tibor"]
[Result "1/2-1/2"]
[WhiteElo "2383"]
[BlackElo "2431"]
[PlyCount "64"]
[EventDate "2010.07.03"]

1. d4 Nf6 2. c4 c5 3. d5 b5 4. cxb5 a6 5. bxa6 g6 6. Nc3 Bxa6 7. Nf3 d6 8. g3
Bg7 9. Bg2 Nbd7 10. Rb1 O-O 11. O-O Qa5 12. Bd2 Ng4 13. Qc2 Rfb8 14. a4 Nge5
15. Nxe5 Bxe5 16. b3 c4 17. b4 Rxb4 18. Rxb4 Qxb4 19. Rb1 Qc5 20. Ne4 Qc7 21.
h4 Rb8 22. Bc3 Rxb1+ 23. Qxb1 Bxc3 24. Nxc3 Qa5 25. Qc2 Nc5 26. h5 Bc8 27. h6
Qb4 28. Bf1 f6 29. e3 Bf5 30. e4 Bd7 31. a5 Kf7 32. Kg2 Qxa5 1/2-1/2

[Event "First Saturday 2010 julius GM"]
[Site "Budapest"]
[Date "2010.07.08"]
[Round "6"]
[White "Cabrera, Trujillo"]
[Black "Fogarasi, Tibor"]
[Result "1/2-1/2"]
[WhiteElo "2365"]
[BlackElo "2431"]
[PlyCount "93"]
[EventDate "2010.07.03"]

1. e4 c5 2. Nf3 e6 3. d4 cxd4 4. Nxd4 a6 5. c4 Bc5 6. Nb3 Be7 7. Nc3 d6 8. Be2
Nf6 9. Be3 Nc6 10. O-O b6 11. Qd2 O-O 12. Rfd1 Qc7 13. f4 Nd7 14. Bf3 Nc5 15.
Nc1 Rb8 16. Rb1 Rd8 17. b4 Nd7 18. N1e2 Bb7 19. Rdc1 Rbc8 20. Nd5 exd5 21. cxd5
Qb8 22. dxc6 Rxc6 23. Rxc6 Bxc6 24. Nd4 Bb7 25. Nf5 Bf8 26. Bd4 Re8 27. Qf2 g6
28. Ba1 f6 29. Ng3 d5 30. Bg4 Qd6 31. Rd1 Rd8 32. a3 a5 33. exd5 f5 34. Ne4 Qe7
35. d6 Qxe4 36. Bf3 Qe6 37. Bxb7 Nf6 38. Qh4 Rxd6 39. Rxd6 Qe3+ 40. Kf1 Qc1+
41. Ke2 Bxd6 42. Bxf6 Qc4+ 43. Kf3 Qd3+ 44. Kf2 axb4 45. axb4 Bxb4 46. Bf3 Qc2+
47. Kf1 1/2-1/2

[Event "First Saturday 2010 julius GM"]
[Site "Budapest"]
[Date "2010.07.08"]
[Round "6"]
[White "Pap, Gyula"]
[Black "Solomon, Kenny"]
[Result "1/2-1/2"]
[WhiteElo "2508"]
[BlackElo "2383"]
[PlyCount "55"]
[EventDate "2010.07.03"]

1. g3 Nf6 2. Bg2 d5 3. d3 g6 4. Nf3 Bg7 5. O-O O-O 6. Nbd2 c5 7. e4 Nc6 8. c3
dxe4 9. dxe4 Qc7 10. Qe2 e5 11. Nc4 h6 12. Nfd2 Bg4 13. f3 Be6 14. f4 Rad8 15.
Ne3 exf4 16. gxf4 Rfe8 17. e5 Nd5 18. Ne4 Nce7 19. Nd6 Rf8 20. Nec4 b6 21. Bd2
Qd7 22. a4 Kh8 23. Qf3 Nc7 24. a5 Bd5 25. Qh3 Be6 26. Qf3 Bd5 27. Qh3 Be6 28.
Qf3 1/2-1/2

[Event "First Saturday 2010 julius GM"]
[Site "Budapest"]
[Date "2010.07.08"]
[Round "6"]
[White "Ilincic, Zlatko"]
[Black "Kjartansson, Gudmundson"]
[Result "1-0"]
[WhiteElo "2455"]
[BlackElo "2384"]
[PlyCount "61"]
[EventDate "2010.07.03"]

1. d4 Nf6 2. c4 e6 3. Nf3 d5 4. g3 Be7 5. Qc2 O-O 6. Nbd2 dxc4 7. Nxc4 b5 8.
Nce5 Bb7 9. Bg2 Be4 10. Qb3 Na6 11. Bd2 Qb8 12. O-O c5 13. a4 b4 14. Qc4 Qb7
15. Qb5 Rad8 16. Rfc1 cxd4 17. Nc6 Bxc6 18. Rxc6 Qxb5 19. axb5 Nb8 20. Rc7 Nd5
21. Rcxa7 Bc5 22. Rb7 Rd7 23. Rxd7 Nxd7 24. Ne1 Rb8 25. Nd3 Bf8 26. Ra7 N7f6
27. Ne5 Nc3 28. Nc6 Rxb5 29. Nxd4 Rc5 30. bxc3 bxc3 31. Bc1 1-0

[Event "First Saturday 2010 julius GM"]
[Site "Budapest"]
[Date "2010.07.08"]
[Round "6"]
[White "Vera, Gonzalez-Q"]
[Black "Kislik, Erik Andrew"]
[Result "1/2-1/2"]
[WhiteElo "2513"]
[BlackElo "2329"]
[PlyCount "51"]
[EventDate "2010.07.03"]

1. d4 Nf6 2. c4 g6 3. Nc3 d5 4. cxd5 Nxd5 5. Bd2 Bg7 6. e4 Nxc3 7. Bxc3 O-O 8.
Qd2 Qd6 9. Bc4 Rd8 10. Ne2 e6 11. Rd1 b6 12. O-O Bb7 13. Qe3 Qc6 14. Bd3 Qa4
15. b3 Qd7 16. Rd2 Nc6 17. Bc4 Na5 18. Bxa5 bxa5 19. Rfd1 a4 20. d5 exd5 21.
Bxd5 Bxd5 22. Rxd5 Qe8 23. f4 Rxd5 24. Rxd5 axb3 25. axb3 Qe6 26. Kf2 1/2-1/2